<?xml version="1.0" encoding="UTF-8"?>
<record
    xmlns:xsi="http://www.w3.org/2001/XMLSchema-instance"
    xsi:schemaLocation="http://www.loc.gov/MARC21/slim http://www.loc.gov/standards/marcxml/schema/MARC21slim.xsd"
    xmlns="http://www.loc.gov/MARC21/slim">

  <leader>01169nam a22002657a 4500</leader>
  <controlfield tag="005">20101122114056.0</controlfield>
  <controlfield tag="008">101122t        xxu||||| |||| 00| 0 mar d</controlfield>
  <datafield tag="010" ind1=" " ind2=" ">
    <subfield code="a">MAR-20389</subfield>
  </datafield>
  <datafield tag="020" ind1=" " ind2=" ">
    <subfield code="a">9788184981803</subfield>
    <subfield code="c">320.00</subfield>
  </datafield>
  <datafield tag="035" ind1=" " ind2=" ">
    <subfield code="a">MR-13047</subfield>
  </datafield>
  <datafield tag="037" ind1=" " ind2=" ">
    <subfield code="b">DBAD / PUB</subfield>
  </datafield>
  <datafield tag="040" ind1=" " ind2=" ">
    <subfield code="a">DPL</subfield>
    <subfield code="b">MR</subfield>
  </datafield>
  <datafield tag="082" ind1=" " ind2=" ">
    <subfield code="a">823</subfield>
  </datafield>
  <datafield tag="100" ind1=" " ind2=" ">
    <subfield code="a">&#x915;&#x92E;&#x93F;&#x932;&#x93E; &#x936;&#x93E;&#x92E;&#x938;&#x940;</subfield>
    <subfield code="9">24413</subfield>
  </datafield>
  <datafield tag="245" ind1=" " ind2=" ">
    <subfield code="a">&#x92C;&#x930;&#x94D;&#x928;&#x94D;&#x91F; &#x936;&#x901;&#x921;&#x94B;&#x91C;  /</subfield>
    <subfield code="c">&#x915;&#x92E;&#x93F;&#x932;&#x93E; &#x936;&#x93E;&#x92E;&#x938;&#x940;;&#x930;&#x947;&#x936;&#x92E;&#x93E; &#x938; &#x915;&#x941;&#x932;&#x915;&#x930;&#x94D;&#x923;&#x940; &#x926;&#x94D;&#x935;&#x93E;&#x930;&#x93E; &#x905;&#x928;&#x941;&#x935;&#x93E;&#x926;&#x93F;&#x924;</subfield>
  </datafield>
  <datafield tag="246" ind1=" " ind2=" ">
    <subfield code="a">Burnt Shadows</subfield>
    <subfield code="b">by Kamila Shamsie</subfield>
  </datafield>
  <datafield tag="260" ind1=" " ind2=" ">
    <subfield code="a">&#x92A;&#x941;&#x923;&#x947;</subfield>
    <subfield code="b">&#x92E;&#x947;&#x939;&#x924;&#x93E; &#x92A;&#x92C;&#x94D;&#x932;&#x93F;&#x936;&#x93F;&#x902;&#x917; &#x939;&#x93E;&#x90A;&#x938;</subfield>
    <subfield code="c">2010</subfield>
  </datafield>
  <datafield tag="270" ind1=" " ind2=" ">
    <subfield code="a">1941 &#x938;&#x926;&#x93E;&#x936;&#x93F;&#x935; &#x92A;&#x947;&#x920;,&#x92E;&#x93E;&#x921;&#x940;&#x935;&#x93E;&#x932;&#x947; &#x915;&#x949;&#x932;&#x928;&#x940;,</subfield>
    <subfield code="b">&#x92A;&#x941;&#x923;&#x947;</subfield>
    <subfield code="e">411030</subfield>
  </datafield>
  <datafield tag="300" ind1=" " ind2=" ">
    <subfield code="a">363&#x92A;&#x943;  </subfield>
    <subfield code="b">21&#x938;&#x947;&#x92E;&#x940; (&#x905;&#x91C;&#x93F;&#x932;&#x94D;&#x926;)</subfield>
  </datafield>
  <datafield tag="650" ind1=" " ind2=" ">
    <subfield code="9">24422</subfield>
  </datafield>
  <datafield tag="650" ind1=" " ind2=" ">
    <subfield code="9">24423</subfield>
  </datafield>
  <datafield tag="700" ind1=" " ind2=" ">
    <subfield code="a">&#x915;&#x941;&#x932;&#x915;&#x930;&#x94D;&#x923;&#x940;,&#x930;&#x947;&#x936;&#x92E;&#x93E; &#x938;</subfield>
    <subfield code="9">24429</subfield>
  </datafield>
  <datafield tag="942" ind1=" " ind2=" ">
    <subfield code="2">ddc</subfield>
    <subfield code="c">MR</subfield>
    <subfield code="h">823</subfield>
    <subfield code="m">&#x915;&#x92E;&#x93F;&#x932;&#x93E; </subfield>
  </datafield>
  <datafield tag="999" ind1=" " ind2=" ">
    <subfield code="c">48739</subfield>
    <subfield code="d">48739</subfield>
  </datafield>
  <datafield tag="952" ind1=" " ind2=" ">
    <subfield code="0">0</subfield>
    <subfield code="1">0</subfield>
    <subfield code="2">ddc</subfield>
    <subfield code="4">0</subfield>
    <subfield code="7">1</subfield>
    <subfield code="8">FIC</subfield>
    <subfield code="a">DBAD</subfield>
    <subfield code="b">DBAD</subfield>
    <subfield code="d">2010-11-23</subfield>
    <subfield code="e">DBAD / PUB</subfield>
    <subfield code="g">320.00</subfield>
    <subfield code="l">0</subfield>
    <subfield code="o">823 &#x915;&#x92E;&#x93F;&#x932;&#x93E;</subfield>
    <subfield code="p">MR-13047</subfield>
    <subfield code="r">2010-11-23 00:00:00</subfield>
    <subfield code="t">1</subfield>
    <subfield code="v">320.00</subfield>
    <subfield code="w">2010-11-23</subfield>
    <subfield code="y">MR</subfield>
  </datafield>
</record>
